| 000 | 01472nam a22002897a 4500 | ||
|---|---|---|---|
| 001 | BRCA_9291 | ||
| 003 | FranzMayer | ||
| 005 | 20230724123615.0 | ||
| 008 | 230724b |||||||| |||| 00| 0 eng d | ||
| 040 |
_aMFM _besp _cMFM |
||
| 050 | 4 |
_aCO105 _bB67 1769 |
|
| 082 | _2BX1251 | ||
| 100 | 1 |
_4Autor _aBossuet, Jacobo Benigno _928948 |
|
| 240 | 1 |
_aElevaciones del alma a Dios, sobre todos los misterios de la religión christiana, obra importantissima _lEspañol |
|
| 245 | _aElevaciones del alma a Dios. sobre todos los misterios de la religión christiana, obra importatissima | ||
| 260 |
_aMadrid _bAndres Ortega _c1769 |
||
| 300 |
_a371 p _c21 cm |
||
| 440 |
_aElvaciones del alma a Dios, sobre todos los isterios de la relgión christiana. Obra importantissima _nTomo I _pVol. I _928949 |
||
| 500 | _aEl libro presenta daño por humedad | ||
| 500 | _aEn la portada y contraportada el libro contiene anotaciones y dibujos hechos con lápices. | ||
| 500 | _aEl libro presenta dos papeles pequeños y sueltos que se encuentran protegidos por una guarda de plástico transparente. | ||
| 505 | 0 | _aTexto en: españolTraducido del: francésDirigido a: Obispos, pastores, monaguillos, o cualquier persona perteneciente a la iglesia cristiana. | |
| 650 | 1 |
_2Religión cristiana _aIglesias _vLiturgias y rituales _928950 |
|
| 651 | 2 |
_2Biblia cristiana _aLibros devocionales _vOración _928951 |
|
| 700 | 1 |
_4Trad. _aJoseph Hernandez, Don Miguel _928952 |
|
| 942 |
_2lcc _cB |
||
| 999 |
_c10911 _d10911 |
||